Revitalizáca oporných múrov v Kochovej záhrade

Guardado en:
Detalles Bibliográficos
Autor principal: Mikulaj, Adam (Autor)
Otros Autores: Kučová, Eliška (Orientador)
Formato: Manuscrito Libro
Lenguaje:eslovaco
Publicado: 2025
Materias:
Acceso en línea:http://is.stuba.sk/zp/portal_zp.pl?podrobnosti=175726
CRZP
Etiquetas: Agregar Etiqueta
Sin Etiquetas, Sea el primero en etiquetar este registro!

MARC

LEADER 00000ntm a22000003a 4500
001 stuzp105438
003 SK-STU
005 20250729141244.7
007 ta
008 150427s2015----xo-----f-mn---000-0-slo-d
040 |a STU  |b slo 
041 0 |a slo 
100 1 |a Mikulaj, Adam  |u 010150  |4 aut  |U SvF Stavebná fakulta  |T SvF Katedra geotechniky  |X 121202  |U V150  |Y 15  |7 121202 
242 0 1 |a Revitalization of retaining structures in Koch's Garden  |y eng 
245 1 0 |a Revitalizáca oporných múrov v Kochovej záhrade 
260 |c 2025 
650 4 |a Oporný múr  |2 slo 
650 4 |a Stabilita svahov  |2 slo 
650 4 |a Kochova záhrada  |2 slo 
650 4 |a Retaining wall  |2 eng 
650 4 |a Slope stability  |2 eng 
650 4 |a Koch Garden  |2 eng 
700 1 |a Kučová, Eliška  |u 010150  |k Z1  |4 ths  |U SvF Stavebná fakulta  |T SvF Katedra geotechniky  |X 62781  |U V150  |Y 15  |7 62781 
856 4 |u http://is.stuba.sk/zp/portal_zp.pl?podrobnosti=175726 
856 4 |u https://opac.crzp.sk/?fn=detailBiblioForm&sid=12BF14ADF430A4F4B5F350B4236B  |z CRZP